000 00677cam a2200193 4500500
005 20251012020308.0
041 _afre
042 _adc
100 1 0 _aCoisne, Sylvie
_eauthor
700 1 0 _a Dereix, Charles
_eauthor
700 1 0 _a Lecocq, Franck
_eauthor
700 1 0 _a Piermont, Laurent
_eauthor
700 1 0 _a Sainte-Marie, Geneviève de
_eauthor
245 0 0 _aQuelles sont les solutions possibles ?
260 _c2020.
500 _a37
786 0 _nPCM – Pour Construire un Monde durable | 902 | 2 | 2020-05-07 | p. 51-52 | 1958-7198
856 4 1 _uhttps://shs.cairn.info/revue-pcm-pour-construire-un-monde-durable-2020-2-page-51?lang=fr&redirect-ssocas=7080
999 _c1534844
_d1534844